Highest Rated TV Show Finales on IMDb - Statistics

General Stats
  • This quiz has been taken 81 times
  • The average score is 10 of 44
Answer Stats
Air Date Series Episode
Rating
Stars Series
Rating
% Correct
Sep 29, 2013 Breaking Bad 9.9 Bryan Cranston 9.5
91%
May 16, 2013 The Office 9.8 Steve Carell 9.0
77%
Aug 15, 2022 Better Call Saul 9.8 Bob Odenkirk 9.0
66%
Dec 22, 2019 Mr. Robot 9.8 Rami Malek 8.5
60%
May 6, 2004 Friends 9.6 Jennifer Aniston 8.9
57%
Feb 24, 2015 Parks and Recreation 9.5 Amy Poehler 8.6
47%
Jan 31, 2020 BoJack Horseman 9.6 Will Arnett 8.8
45%
Mar 9, 2008 The Wire 9.6 Dominic West 9.3
38%
Jan 30, 2020 The Good Place 9.6 Kristen Bell 8.2
30%
Oct 19, 2018 Daredevil 9.6 Charlie Cox 8.6
28%
Aug 21, 2005 Six Feet Under 9.9 Peter Krause 8.7
28%
May 16, 2019 The Big Bang Theory 9.5 Johnny Galecki 8.1
28%
Nov 10, 2024 The Penguin 9.5 Colin Farrell 8.6
28%
Jul 19, 2008 Avatar: The Last Airbender 9.9 Dee Bradley Baker 9.3
23%
Jun 27, 2020 Dark 9.6 Louis Hofmann 8.7
21%
Feb 13, 2025 Cobra Kai 9.5 Ralph Macchio 8.4
19%
Jan 16, 2017 Regular Show 9.9 J.G. Quintel 8.6
19%
Dec 9, 2014 Sons of Anarchy 9.6 Charlie Hunnam 8.5
19%
May 17, 2020 The Last Dance 9.5 Michael Jordan 9.0
19%
Nov 25, 2008 The Shield 9.7 Michael Chiklis 8.7
19%
Jun 3, 2019 Chernobyl 9.8 Jessie Buckley 9.3
17%
Feb 15, 2016 Gravity Falls 9.8 Jason Ritter 8.9
17%
May 14, 2020 How to Get Away with Murder 9.5 Viola Davis 8.1
17%
May 30, 2018 The Americans 9.7 Keri Russell 8.4
17%
May 4, 2020 Star Wars: The Clone Wars 9.9 Tom Kane 8.5
15%
May 28, 2023 Succession 9.5 Nicholas Braun 8.8
13%
May 19, 2004 Angel 9.5 David Boreanaz 7.9
11%
Apr 14, 2015 Justified 9.6 Timothy Olyphant 8.6
11%
Feb 9, 2011 Friday Night Lights 9.6 Kyle Chandler 8.7
9%
Jun 21, 2016 Person of Interest 9.8 Jim Caviezel 8.5
9%
Jan 21, 2019 Steven Universe 9.6 Zach Callison 8.1
9%
Apr 8, 2023 The Owl House 9.5 Sarah-Nicole Robles 8.6
9%
May 14, 2022 Amphibia 9.6 Brenda Song 8.3
6%
Jun 4, 2017 The Leftovers 9.5 Justin Theroux 8.3
6%
May 20, 2016 Banshee 9.5 Antony Starr 8.4
4%
Aug 29, 2015 Hannibal 9.7 Hugh Dancy 8.5
4%
Nov 9, 2017 Nathan for You 9.5 Nathan Fielder 8.9
4%
Mar 25, 2021 Superstore 9.5 Ben Feldman 7.9
4%
Mar 9, 2022 The Last Kingdom 9.6 Alexander Dreymon 8.5
4%
Jan 3, 2020 Anne with an E 9.5 Andrea Arruti 8.6
2%
Apr 12, 2013 Spartacus 9.7 Andy Whitfield 8.4
2%
Dec 2, 2024 Superman & Lois 9.5 Tyler Hoechlin 7.8
2%
May 31, 2019 When They See Us 9.5 Asante Blackk 8.8
2%
Apr 20, 2020 The Midnight Gospel 9.6 Phil Hendrie 8.2
0%
No matching quizzes found
Score Distribution
Percent of People with Each Score
Percentile by Number Answered
Your Score History
You have not taken this quiz